| 000 | 00384nam a2200169Ia 4500 | ||
|---|---|---|---|
| 008 | 230711s9999||||xx |||||||||||||| ||und|| | ||
| 020 | _a81-89430-06-8 | ||
| 041 | _aENG | ||
| 082 |
_a800 _bKR-M |
||
| 100 | _aKriyananda,Swami | ||
| 245 | 0 | _aMoney magnetism | |
| 250 | _a!st Ed. | ||
| 260 |
_c1992 _aHaryana _bAnanda & Sangha |
||
| 300 | _a135 | ||
| 650 | _aLiterature | ||
| 942 | _cBK | ||
| 999 |
_c5318 _d5318 |
||